Cách dùng động từ tiếng Anh

Sách gồm nhiều phần với bố cục chặt chẽ và mạch lạc. Phần đầu gồm các động từ và cách áp dụng chúng trong các mẫu câu. Phần hai là các bài tập ứng dụng và các đề thường gặp trong các kỳ thi tuyển sinh, và sau cùng là phần đáp án...

Ful tanımlama

Kaydedildi:
Detaylı Bibliyografya
Yazar: Nguyễn Thị Tuyết
Materyal Türü: Kitap
Dil:Undetermined
Baskı/Yayın Bilgisi: Đồng Nai Nxb. Đồng Nai 1996
Konular:
Etiketler: Etiketle
Etiket eklenmemiş, İlk siz ekleyin!
Thư viện lưu trữ: Trung tâm Học liệu Trường Đại học Cần Thơ
LEADER 00935nam a2200205Ia 4500
001 CTU_16866
008 210402s9999 xx 000 0 und d
020 |b 8500đ 
082 |a 425 
082 |b T528 
100 |a Nguyễn Thị Tuyết 
245 0 |a Cách dùng động từ tiếng Anh 
245 0 |c Nguyễn Thị Tuyết 
260 |a Đồng Nai 
260 |b Nxb. Đồng Nai 
260 |c 1996 
520 |a Sách gồm nhiều phần với bố cục chặt chẽ và mạch lạc. Phần đầu gồm các động từ và cách áp dụng chúng trong các mẫu câu. Phần hai là các bài tập ứng dụng và các đề thường gặp trong các kỳ thi tuyển sinh, và sau cùng là phần đáp án 
650 |a english language - verb 
904 |i Minh, 970604 
980 |a Trung tâm Học liệu Trường Đại học Cần Thơ